000 01154nam a2200289 i 4500
001 106545
003 ES-MaACL
005 20250811101604.0
007 t|
008 061129s1977 sp ||||1| spa d
080 _a75 Martínez Ortiz, Nicolás (083.82)
100 1 _aMartínez Ortiz, Nicolás.
_978294
245 1 0 _aNicolás Martínez Ortiz
_b: exposición antológica (50 años de pintura: 1927-1977) : Ateneo de Madrid, Sala de Santa Catalina, enero 1977 /
_c[texto, A.M. Campoy].
260 _aMadrid :
_bAteneo de Madrid,
_c1977.
300 _a[16] p. :
_bil. ;
_c25 cm.
490 1 _aAteneo de Madrid. Sala de Santa Catalina ;
_v18
600 1 4 _aMartínez Ortiz, Nicolás-
_vExposiciones.
_978295
610 2 7 _aAteneo de Madrid-
_vExposiciones-
_y1970-1979.
_91921
655 7 _2tgfbne
_9193628
_aCatálogos de exposiciones
700 1 _aCampoy, A. M.,
_d1924-1993
_934292
710 2 _aAteneo de Madrid.
_bSala de Santa Catalina.
_91964
830 1 0 _aAteneo de Madrid.
_pSala de Santa Catalina
_v18
_9185232
852 4 _aES-MaACL
_j2209-F-38 ;
852 4 _aES-MaACL
_j2342-F-17.
942 _2udc
999 _c106545
_d106545